[Event "Santa Fe Dos Orillas op 12th"]
[Site "Santa Fe"]
[Date "2023.10.14"]
[Round "3"]
[White "Fontanini, Jorge"]
[Black "Solari, Luis Esteban"]
[Result "1-0"]
[WhiteElo "2004"]
[BlackElo "1661"]
[PlyCount "63"]
[EventDate "2023.10.13"]
[EventType "swiss"]
[EventRounds "7"]
[EventCountry "ARG"]
[SourceTitle "Mega2024 Update 01"]
[Source "Chessbase"]
[SourceDate "2023.11.12"]
[SourceVersion "1"]
[SourceVersionDate "2023.11.12"]
[SourceQuality "1"]

1. e4 e5 2. Nf3 d6 3. Bc4 Be7 4. d4 Nd7 5. dxe5 Nxe5 6. Nxe5 dxe5 7. Qf3 Nf6 8. 0-0 Qd4 9. Qb3 0-0 10. Nc3 c6 11. Be3 Qd6 12. a4 Ng4 13. h3 Nxe3 14. fxe3 Qg6 15. Rf3 Be6 16. Qxb7 Bxc4 17. Qxe7 Qe6 18. Qc5 Ba6 19. Rd1 Rfc8 20. Rf2 h6 21. b3 Bb7 22. Rfd2 Re8 23. Rd7 Bc8 24. Rc7 Qg6 25. Qxc6 Qxc6 26. Rxc6 Be6 27. Nd5 Bxd5 28. exd5 Rac8 29. Rxc8 Rxc8 30. b4 Kf8 31. d6 f6 32. b5 1-0

[Event "Ciudad de Santa Fe op"]
[Site "Ciudad de Santa Fe"]
[Date "2019.08.03"]
[Round "3.3"]
[White "Fontanini, Jorge"]
[Black "Sanhueza, Cristian"]
[Result "0-1"]
[WhiteElo "2067"]
[BlackElo "2315"]
[PlyCount "68"]
[EventDate "2019.08.02"]
[EventType "swiss"]
[EventRounds "6"]
[EventCountry "ARG"]
[SourceTitle "EXT 2024"]
[Source "ChessBase"]
[SourceDate "2023.10.10"]
[SourceVersion "1"]
[SourceVersionDate "2023.10.10"]
[SourceQuality "1"]

1. d4 Nf6 2. Bg5 Ne4 3. Bf4 c5 4. d5 Qb6 5. Nd2 Qxb2 6. Nxe4 Qb4+ 7. c3 Qxe4 8. e3 g5 9. f3 Qg6 10. Bg3 Bg7 11. Qd2 h5 12. Bd3 Qf6 13. Rc1 h4 14. Bf2 d6 15. h3 Nd7 16. Ne2 Ne5 17. f4 gxf4 18. exf4 Bh6 19. Be3 Nxd3+ 20. Qxd3 a6 21. a4 Bf5 22. Qc4 Qg6 23. Qb3 0-0-0 24. Kd2 Qxg2 25. Rcg1 Qe4 26. c4 Rhg8 27. Rb1 Rd7 28. Rbg1 Rdd8 29. Rb1 Rd7 30. Rbg1 Rxg1 31. Rxg1 Rd8 32. a5 e6 33. dxe6 fxe6 34. Kc1 Bxh3 0-1

[Event "Santa Fe Rafaela U2200 op"]
[Site "Santa Fe"]
[Date "2019.05.04"]
[Round "1.5"]
[White "Vignetta, Thiago"]
[Black "Fontanini, Jorge"]
[Result "0-1"]
[WhiteElo "1442"]
[BlackElo "2081"]
[PlyCount "72"]
[EventDate "2019.05.04"]
[EventType "swiss"]
[EventRounds "6"]
[EventCountry "ARG"]
[SourceTitle "EXT 2024"]
[Source "ChessBase"]
[SourceDate "2023.10.10"]
[SourceVersion "1"]
[SourceVersionDate "2023.10.10"]
[SourceQuality "1"]

1. d4 Nf6 2. c4 e6 3. Nc3 Bb4 4. e3 b6 5. Nge2 Bb7 6. a3 Bxc3+ 7. Nxc3 0-0 8. Bd2 Ne4 9. Nxe4 Bxe4 10. Bc3 Qg5 11. Qd2 f5 12. f3 Bb7 13. 0-0-0 d6 14. Bd3 Nd7 15. Bc2 a5 16. Rhg1 Nf6 17. Rde1 Rad8 18. Kb1 g6 19. e4 Qxd2 20. Bxd2 fxe4 21. fxe4 Kg7 22. d5 e5 23. Rgf1 h6 24. Rf3 Nh5 25. Ref1 g5 26. g3 Bc8 27. Rxf8 Rxf8 28. Rxf8 Kxf8 29. Bd1 Nf6 30. Bf3 Bg4 31. Bg2 Be2 32. Kc2 Bxc4 33. h4 Nh7 34. Bh3 Kg7 35. Bf5 gxh4 36. Bxh7 h3 0-1

[Event "Santa Fe sf U1700/2000"]
[Site "Santa Fe"]
[Date "2017.03.25"]
[Round "4.2"]
[White "Fontanini, Jorge"]
[Black "Lingiardi, Oscar"]
[Result "1-0"]
[WhiteElo "1987"]
[BlackElo "1891"]
[PlyCount "75"]
[EventDate "2017.03.24"]
[EventType "swiss"]
[EventRounds "6"]
[EventCountry "ARG"]
[SourceTitle "EXT 2024"]
[Source "ChessBase"]
[SourceDate "2023.10.10"]
[SourceVersion "1"]
[SourceVersionDate "2023.10.10"]
[SourceQuality "1"]

1. e4 e5 2. Nf3 Nc6 3. Bc4 Be7 4. d4 d6 5. 0-0 Bd7 6. Nc3 Nf6 7. h3 0-0 8. Be3 a6 9. a4 exd4 10. Nxd4 Rb8 11. a5 Re8 12. Qd2 Qc8 13. Kh2 Ne5 14. Be2 Bd8 15. f4 Ng6 16. f5 Nf8 17. Bf3 c5 18. Nde2 Bc6 19. Ng3 Bc7 20. Bf4 Rd8 21. Rfd1 Rd7 22. Bg5 Ne8 23. f6 g6 24. Nd5 Bxd5 25. exd5 h5 26. Re1 Nh7 27. Qf4 Qd8 28. Ne4 b6 29. g4 bxa5 30. gxh5 Rxb2 31. Rac1 a4 32. hxg6 fxg6 33. Bg4 Rf7 34. Be6 Ba5 35. Rg1 Nf8 36. Bh4 Rbb7 37. Qh6 Nh7 38. Qxg6+ 1-0